The Life of George Washington : two volumes in one /

Shranjeno v:
Bibliografske podrobnosti
Glavni avtor: Sparks, Jared (autor)
Format: Knjiga
Jezik:angleščina
Serija:(Fourth Thousand)
Teme:
Oznake: Označite
Brez oznak, prvi označite!

MARC

LEADER 00000nam^a2200000^a^4500
001 000380816
005 20250526000000.0
009 20260310120620.044
037 |a Acervo Xavier Clavigero 
041 |a ING 
082 |a 973. 3  |b SPA V. 1-2 
100 |a Sparks, Jared  |e (autor) 
240 1 5 |a [The Life of George Washington] 
245 1 4 |a The Life of George Washington :  |b two volumes in one /  |c J. Sparks. 
264 |a Auburn, EUA :  |b Derby and Miller,  |c 1852 
300 |a 330, 344 p., 1 lámina ;  |c 19.5 cm. 
336 |a texto  |b txt  |2 rdacontenido 
337 |a sin mediación  |b n  |2 rdamedio 
338 |a volumen  |b nc  |2 rdasoporte 
440 1 |a (Fourth Thousand) 
561 |a Ex libris de Carlos Ramírez Escandón 
561 |a Ex libris de Francisco J. Ramírez 
561 |a Ex libris de Bibl. Magnopontanae Domus Scti. Ioseph. Prov. Mex. Sept. S.I 
649 |a XX 
650 |a Independentistas Norteamericanos -  |x Biografías 
650 |a Militares Norteamericanos -  |x Biografías 
650 |a Jefes de Estado Norteamericanos -  |x Biografías 
650 |a Políticos Norteamericanos -  |x Biografías 
650 |a Revolucionarios Norteamericanos -  |x Biografías 
650 |a Política -  |z EUA -  |x Historia 
650 |a EUA -  |x Historia -  |y Epoca Colonial, 1607-1783 
650 |a EUA -  |x Historia -  |y Revolución, 1775-1783 
650 |a EUA -  |x Historia -  |y Confederación, 1783-1789 
650 |a EUA -  |x Historia -  |y Período Constitucional, 1789-1809 
650 |a Washington, George -  |x Tema Principal 
740 4 |a The Life of George Washington :  |b volume II /  |c J. Sparks. 
910 |a Fondo General 
920 |a Impresos - Libros 
930 |a Libros Antiguos y Raros 
905 |a 108 
901 |a 0500275691  |b IT2  |c LRA  |u 20250526 
902 |a https://opac.biblio.iteso.mx/vufind/Record/000380816